000 00885nam a2200289 a 4500
001 000080902
005 20200120224408.0
008 161103s2014 ck ||||e |||| |01 pbspa d
020 _a9789587721683
020 _a9789587721904
041 0 _a#spa
043 _as-ck---
082 0 4 _221
090 _aAP
_bDUEU
245 1 0 _aMe duele una mujer en todo el cuerpo /.
250 _a1a. ed.
260 _aBogotá :
_bUniversidad Externado de Colombia. Decanatura Cultural,
_c2014.
300 _a2 Volúmenes.
490 0 _aUn libro por centavos
_v105-106
500 _aIncluye índice.
505 0 _gAntología de poesía femenina
_tv.1
_gAntología femenina
_tv.2
506 0 _aGeneral
650 1 7 _aPoesía colombiana
_2LEMB
650 2 7 _aBelleza en la literatura
_2LEMB
650 2 7 _aSensibilidad en la literatura
_2LEMB
650 2 7 _aMujeres en la literatura
_zColombia
_2LEMB
999 _c9318
_d9318